| 000 | 00994cad a22002055a 4500 | ||
|---|---|---|---|
| 001 | E153494 | ||
| 008 | 110802e20110802xxk 000 0 eng d | ||
| 035 | _a(Sirsi) u153494 | ||
| 041 | 0 | _aeng | |
| 110 | 2 |
_aRegisters of Scotland _95601 |
|
| 245 | 0 | 0 |
_aAverage property prices increase by 0.4 per cent _h[electronic resource] |
| 260 | _c2011 | ||
| 490 |
_aRegisters of Scotland News Release _v2 August 2011 |
||
| 520 | _aReports that the average price for a residential property in Scotland was £153 820 in Q1 of the financial year 2011/2012, an increase of 0.4% compared to Q1 of the financial year 2010/2011. The total volume of sales across Scotland in Q1 was 16 947, a decrease of 10.8% on Q1 2010/2011. | ||
| 590 | _aKA NTK | ||
| 651 | 4 |
_aScotland _y1999- |
|
| 690 | _aPROPERTY-RESIDENTIAL PROPERTY-RESIDENTIAL PROPERTY MARKET | ||
| 856 | 4 | 0 |
_uhttps://www.ros.gov.uk/pdfs/ros_statistical_release_apr-jun2011.pdf _zView the press release free of charge at www.ros.gov.uk... |
| 942 | _n0 | ||
| 999 |
_c83304 _d83304 |
||